000 00862nam a2200253Ia 4500
003 OSt
005 20220923222335.0
006 a|||||r|||| 00| 0
007 ta
008 220922b |||||||| |||| 00| 0 hin d
024 _a204,511
037 _cTextual
040 _aARTS
_cARTS
_bhin
041 _2hin
_ahin
082 _aO157v2,N5, 152K1;K8
100 _aसत्येन्द्र
245 0 _aबंगला साहित्य का संक्षिप्त इतिहास
246 _aBangalā sāhitya kā sankṣpunta itihāsa
260 _aलखनऊ
_b हिन्दी समिति
_c1968
300 _a310पृ.
_ccm.
650 _aबंगाली साहित्य
_9156264
942 _hO157v2,N5, 152K1;K8
_cTEXL
_2CC
999 _c355259
_d355259